000 00546nam a2200169Ia 4500
005 20250923145907.0
008 008 250917s9999 xx 000 0 eng d
037 _aTextual
040 _aDSWL
_beng
_cDSWL
041 _aeng
_2eng
084 _aYX,zC,7.4'PoZ <- N93, N93
_qDSWL
245 0 _aAsian and pacific decade of disabled persons 1993-2002: The starling Pricts
_c by E.S.C.A.P.
260 _aNew York
_b U.N.
_c1993
300 _avi,324p.
942 _cTEXL
_hYX,zC,7.4'PoZ <- N93, N93
999 _c1457022
_d1457022